000 00416nam a2200169Ia 4500
003 0STCL
008 150530s9999 xx 000 0 und d
040 _aSTCL
_cSTCL
100 _aSachidanant Vatsyayan
245 _aHindi Sahithya Ek Adhunik Paridrisya
260 _bRadhkrishna prakashn; Delhi
_c1967
_aDelhi
300 _a0
546 _aHindi
942 _2ddc
_cBK
999 _c65716
_d65716
005 20220125171312.0